[Event "EYCC 2024 - O16"]
[Site "?"]
[Date "2024.08.24"]
[Round "3.1"]
[White "Von Mettenheim, Johannes"]
[Black "Sapocinic, Semion"]
[Result "1/2-1/2"]
[BlackElo "2213"]
[WhiteElo "2340"]
[LiveChessVersion "1.4.8"]

1. d4 {[%clk 1:30:55]} Nf6 {[%clk 1:30:54]} 2. c4 {[%clk 1:31:06]} e6
{[%clk 1:31:17]} 3. Nc3 {[%clk 1:29:15]} d5 {[%clk 1:31:38]} 4. cxd5
{[%clk 1:28:24]} exd5 {[%clk 1:32:02]} 5. Bg5 {[%clk 1:28:41]} c6
{[%clk 1:32:24]} 6. e3 {[%clk 1:29:02]} Bd6 {[%clk 1:32:42]} 7. Bd3
{[%clk 1:29:20]} O-O {[%clk 1:32:59]} 8. Nf3 {[%clk 1:29:38]} Be6
{[%clk 1:30:34]} 9. Ne5 {[%clk 1:19:13]} c5 {[%clk 1:20:35]} 10. O-O
{[%clk 1:15:12]} h6 {[%clk 1:18:12]} 11. Bh4 {[%clk 1:14:35]} cxd4
{[%clk 1:06:31]} 12. exd4 {[%clk 1:14:57]} Nc6 {[%clk 1:06:56]} 13. Nxc6
{[%clk 1:12:38]} bxc6 {[%clk 1:06:29]} 14. Rc1 {[%clk 0:58:47]} c5
{[%clk 0:58:10]} 15. dxc5 {[%clk 0:42:38]} Bxc5 {[%clk 0:58:25]} 16. Ne2
{[%clk 0:42:30]} Bb6 {[%clk 0:53:05]} 17. Bb1 {[%clk 0:37:52]} Bg4
{[%clk 0:48:31]} 18. Qd3 {[%clk 0:31:42]} Bxe2 {[%clk 0:45:40]} 19. Qxe2
{[%clk 0:32:10]} Qd6 {[%clk 0:42:49]} 20. Qd3 {[%clk 0:31:56]} Ne4
{[%clk 0:39:39]} 21. Rcd1 {[%clk 0:27:15]} Qf4 {[%clk 0:34:14]} 22. Qxd5
{[%clk 0:15:17]} Rae8 {[%clk 0:27:29]} 23. Bxe4 {[%clk 0:13:07]} Qxe4
{[%clk 0:26:27]} 24. Bg3 {[%clk 0:12:31]} Qxd5 {[%clk 0:26:47]} 25. Rxd5
{[%clk 0:12:55]} Re2 {[%clk 0:27:14]} 26. Be5 {[%clk 0:11:37]} Re8
{[%clk 0:26:55]} 27. Bc3 {[%clk 0:10:58]} Rc2 {[%clk 0:26:52]} 28. g4
{[%clk 0:07:03]} Ree2 {[%clk 0:25:17]} 29. Rf5 {[%clk 0:07:28]} Re4
{[%clk 0:24:27]} 30. h3 {[%clk 0:06:34]} Bd4 {[%clk 0:24:29]} 31. Bxd4
{[%clk 0:06:04]} Rxd4 {[%clk 0:24:54]} 32. Re1 {[%clk 0:06:20]} f6
{[%clk 0:15:27]} 33. Re8+ {[%clk 0:06:20]} Kf7 {[%clk 0:15:06]} 34. Rb8
{[%clk 0:06:24]} Rdd2 {[%clk 0:14:58]} 35. Rb7+ {[%clk 0:06:30]} Kg6
{[%clk 0:14:58]} 36. Rxa7 {[%clk 0:06:18]} Rxb2 {[%clk 0:12:36]} 37. a4
{[%clk 0:06:38]} h5 {[%clk 0:12:42]} 38. Rf4 {[%clk 0:03:19]} hxg4
{[%clk 0:11:44]} 39. hxg4 {[%clk 0:02:46]} Kg5 {[%clk 0:09:53]} 40. Rf3
{[%clk 0:03:09]} Kxg4 {[%clk 0:09:51]} 41. Kg2 {[%clk 0:03:24]} g5
{[%clk 0:09:02]} 42. Rxf6 {[%clk 0:03:50]} Rd3 {[%clk 0:07:23]} 43. Kg1
{[%clk 0:01:48]} Rd1+ {[%clk 0:07:20]} 44. Kh2 {[%clk 0:01:46]} Rdd2
{[%clk 0:07:33]} 45. Raf7 {[%clk 0:01:23]} Ra2 {[%clk 0:07:23]} 46. Rf3
{[%clk 0:00:44]} Rxa4 {[%clk 0:06:06]} 47. Rg3+ {[%clk 0:00:33]} Kh5
{[%clk 0:06:31]} 48. Kg2 {[%clk 0:00:50]} Rf4 {[%clk 0:05:35]} 49. Rxf4
{[%clk 0:01:14]} gxf4 {[%clk 0:05:58]} 50. Rg8 {[%clk 0:01:40]} Rd3
{[%clk 0:06:13]} 51. Kf1 {[%clk 0:01:49]} f3 {[%clk 0:05:08]} 52. Kg1
{[%clk 0:02:13]} Rd4 {[%clk 0:05:18]} 53. Rg3 {[%clk 0:01:50]} Rg4
{[%clk 0:05:40]} 54. Kh2 {[%clk 0:02:15]} Rxg3 {[%clk 0:06:02]} 55. Kxg3
{[%clk 0:02:40]} Kg5 {[%clk 0:06:28]} 56. Kxf3 {[%clk 0:03:07]} Kf5
{[%clk 0:06:54]} 57. Ke3 {[%clk 0:02:11]} Ke5 {[%clk 0:07:18]} 58. Kf3
{[%clk 0:02:37]} Kf5 {[%clk 0:07:44]} 1/2-1/2

[Event "EYCC 2024 - O16"]
[Site "?"]
[Date "2024.08.24"]
[Round "3.2"]
[White "Pashikyan, Rudolf"]
[Black "Kozlovic, Jernej"]
[Result "1-0"]
[BlackElo "2334"]
[WhiteElo "2186"]
[LiveChessVersion "1.4.8"]

1. d4 {[%clk 1:30:56]} d5 {[%clk 1:30:50]} 2. Nf3 {[%clk 1:31:09]} c5
{[%clk 1:30:41]} 3. dxc5 {[%clk 1:28:13]} e6 {[%clk 1:30:52]} 4. e4
{[%clk 1:24:53]} Bxc5 {[%clk 1:27:50]} 5. exd5 {[%clk 1:24:25]} exd5
{[%clk 1:28:06]} 6. Be2 {[%clk 1:19:50]} Nf6 {[%clk 1:21:06]} 7. O-O
{[%clk 1:18:50]} Be6 {[%clk 1:18:05]} 8. Nbd2 {[%clk 1:17:08]} Nc6
{[%clk 1:16:40]} 9. Nb3 {[%clk 1:17:17]} Bb6 {[%clk 1:15:06]} 10. Nbd4
{[%clk 1:11:04]} O-O {[%clk 1:13:29]} 11. Bg5 {[%clk 1:02:43]} h6
{[%clk 1:12:39]} 12. Bh4 {[%clk 1:02:46]} Re8 {[%clk 1:01:49]} 13. c3
{[%clk 0:53:01]} g5 {[%clk 1:00:13]} 14. Bg3 {[%clk 0:53:15]} Ne4
{[%clk 1:00:31]} 15. a4 {[%clk 0:33:47]} Qf6 {[%clk 0:52:35]} 16. Nxe6
{[%clk 0:25:11]} Rxe6 {[%clk 0:52:37]} 17. Bb5 {[%clk 0:24:48]} a6
{[%clk 0:47:04]} 18. Bxc6 {[%clk 0:24:29]} bxc6 {[%clk 0:47:20]} 19. a5
{[%clk 0:24:55]} Bc5 {[%clk 0:44:18]} 20. Qd3 {[%clk 0:19:28]} Nxg3
{[%clk 0:29:14]} 21. hxg3 {[%clk 0:19:50]} Qg6 {[%clk 0:29:36]} 22. Qd2
{[%clk 0:17:29]} Rae8 {[%clk 0:28:23]} 23. Rae1 {[%clk 0:15:54]} Re4
{[%clk 0:20:54]} 24. Rxe4 {[%clk 0:15:32]} dxe4 {[%clk 0:20:54]} 25. Nd4
{[%clk 0:15:56]} Qd6 {[%clk 0:18:04]} 26. Qe2 {[%clk 0:13:28]} Bxd4
{[%clk 0:13:44]} 27. cxd4 {[%clk 0:13:56]} Qxd4 {[%clk 0:09:40]} 28. Qxa6
{[%clk 0:14:20]} e3 {[%clk 0:09:25]} 29. fxe3 {[%clk 0:12:55]} Rxe3
{[%clk 0:09:13]} 30. Kh2 {[%clk 0:13:11]} Qe5 {[%clk 0:06:17]} 31. Qc8+
{[%clk 0:12:02]} Kg7 {[%clk 0:06:43]} 32. Qd7 {[%clk 0:09:33]} Qxg3+
{[%clk 0:02:20]} 33. Kg1 {[%clk 0:10:00]} Re2 {[%clk 0:02:05]} 34. Qxf7+
{[%clk 0:09:51]} Kh8 {[%clk 0:02:34]} 35. Qf8+ {[%clk 0:09:42]} Kh7
{[%clk 0:03:02]} 36. Rf7+ {[%clk 0:10:00]} Kg6 {[%clk 0:03:29]} 37. Rf6+
{[%clk 0:10:24]} Kh5 {[%clk 0:03:55]} 38. Rxh6+ {[%clk 0:10:35]} Kg4
{[%clk 0:04:24]} 39. Qc8+ {[%clk 0:10:56]} Kf4 {[%clk 0:04:45]} 40. Qc7+
{[%clk 0:11:19]} Re5 {[%clk 0:02:41]} 41. Qf7+ {[%clk 0:09:21]} Ke4
{[%clk 0:01:10]} 42. a6 {[%clk 0:05:36]} Qe1+ {[%clk 0:00:40]} 43. Kh2
{[%clk 0:06:05]} g4 {[%clk 0:00:40]} 44. Qc4+ {[%clk 0:06:09]} Ke3
{[%clk 0:00:36]} 45. Qxg4 {[%clk 0:06:30]} Re4 {[%clk 0:00:46]} 46. Qxe4+
{[%clk 0:06:49]} 1-0

[Event "EYCC 2024 - O16"]
[Site "?"]
[Date "2024.08.24"]
[Round "3.3"]
[White "Arnold, Rhys"]
[Black "Ostensen, Nicolai Maxime"]
[Result "1/2-1/2"]
[BlackElo "2292"]
[WhiteElo "2171"]
[LiveChessVersion "1.4.8"]

1. e4 {[%clk 1:30:05]} c5 {[%clk 1:30:54]} 2. Nf3 {[%clk 1:30:31]} Nc6
{[%clk 1:31:19]} 3. Bb5 {[%clk 1:30:55]} Nf6 {[%clk 1:31:44]} 4. e5
{[%clk 1:30:36]} Nd5 {[%clk 1:32:07]} 5. Nc3 {[%clk 1:31:03]} Nc7
{[%clk 1:32:26]} 6. Bxc6 {[%clk 1:31:29]} dxc6 {[%clk 1:32:48]} 7. h3
{[%clk 1:30:59]} g6 {[%clk 1:32:15]} 8. O-O {[%clk 1:27:39]} Bg7 {[%clk 1:32:37]}
9. d3 {[%clk 1:27:12]} O-O {[%clk 1:32:23]} 10. Re1 {[%clk 1:19:59]} Ne6
{[%clk 1:32:32]} 11. Ne4 {[%clk 1:15:48]} b6 {[%clk 1:32:34]} 12. a4
{[%clk 1:15:58]} Nd4 {[%clk 1:29:44]} 13. Nxd4 {[%clk 1:14:30]} cxd4
{[%clk 1:28:23]} 14. Bf4 {[%clk 1:12:51]} h6 {[%clk 1:24:39]} 15. a5
{[%clk 1:07:50]} Be6 {[%clk 1:21:09]} 16. Qd2 {[%clk 0:57:56]} g5
{[%clk 1:08:59]} 17. Bg3 {[%clk 0:53:55]} Bd5 {[%clk 1:04:20]} 18. c4
{[%clk 0:49:40]} dxc3 {[%clk 1:03:27]} 19. Nxc3 {[%clk 0:48:44]} Be6
{[%clk 0:53:38]} 20. h4 {[%clk 0:43:30]} g4 {[%clk 0:52:16]} 21. Qe3
{[%clk 0:42:22]} Bf5 {[%clk 0:49:16]} 22. Red1 {[%clk 0:38:49]} bxa5
{[%clk 0:41:17]} 23. Bf4 {[%clk 0:35:31]} Qb6 {[%clk 0:39:44]} 24. d4
{[%clk 0:34:16]} Kh7 {[%clk 0:39:38]} 25. Ne2 {[%clk 0:34:05]} h5
{[%clk 0:36:53]} 26. Bg5 {[%clk 0:32:09]} f6 {[%clk 0:37:02]} 27. Bf4
{[%clk 0:27:59]} Qxb2 {[%clk 0:35:48]} 28. Rxa5 {[%clk 0:26:24]} Bg6
{[%clk 0:32:05]} 29. Ng3 {[%clk 0:23:38]} fxe5 {[%clk 0:30:46]} 30. Bxe5
{[%clk 0:21:15]} Bh6 {[%clk 0:30:57]} 31. Qe1 {[%clk 0:21:14]} Rf7
{[%clk 0:28:52]} 32. d5 {[%clk 0:17:33]} Qc2 {[%clk 0:28:49]} 33. dxc6
{[%clk 0:16:46]} Raf8 {[%clk 0:27:57]} 34. Bd4 {[%clk 0:16:53]} Qxc6
{[%clk 0:26:45]} 35. Rxa7 {[%clk 0:15:58]} e6 {[%clk 0:18:17]} 36. Rxf7+
{[%clk 0:15:42]} Rxf7 {[%clk 0:18:31]} 37. Be3 {[%clk 0:15:10]} Bg7
{[%clk 0:18:03]} 38. Rc1 {[%clk 0:15:34]} Qd6 {[%clk 0:17:46]} 39. Rd1
{[%clk 0:12:24]} Qc7 {[%clk 0:16:24]} 40. Bd4 {[%clk 0:10:54]} e5
{[%clk 0:16:46]} 41. Bc3 {[%clk 0:10:42]} Qe7 {[%clk 0:13:39]} 42. Rd5
{[%clk 0:09:09]} Qxh4 {[%clk 0:08:18]} 43. Bxe5 {[%clk 0:07:48]} Qe7
{[%clk 0:05:13]} 44. Qc3 {[%clk 0:06:24]} Qa7 {[%clk 0:04:13]} 45. Bxg7
{[%clk 0:04:50]} Qxf2+ {[%clk 0:04:00]} 46. Kh2 {[%clk 0:05:16]} Rxg7
{[%clk 0:01:42]} 47. Qd4 {[%clk 0:03:51]} Qxd4 {[%clk 0:01:24]} 48. Rxd4
{[%clk 0:04:18]} h4 {[%clk 0:00:49]} 49. Rxg4 {[%clk 0:04:28]} hxg3+
{[%clk 0:01:14]} 50. Rxg3 {[%clk 0:04:37]} Ra7 {[%clk 0:01:17]} 51. Re3
{[%clk 0:04:13]} Kh6 {[%clk 0:01:18]} 52. Rh3+ {[%clk 0:04:16]} Kg5
{[%clk 0:01:40]} 53. Rg3+ {[%clk 0:04:43]} Kf5 {[%clk 0:01:52]} 54. Rc3
{[%clk 0:04:50]} Kf4 {[%clk 0:01:29]} 55. Rf3+ {[%clk 0:04:42]} Ke4
{[%clk 0:01:53]} 56. Rb3 {[%clk 0:05:01]} Bf5 {[%clk 0:02:08]} 57. Kg3
{[%clk 0:04:45]} Rg7+ {[%clk 0:02:27]} 58. Kf2 {[%clk 0:05:09]} Ke5
{[%clk 0:02:30]} 59. Rg3 {[%clk 0:04:12]} Ra7 {[%clk 0:02:54]} 60. Re3+
{[%clk 0:03:27]} Be4 {[%clk 0:03:15]} 61. Re2 {[%clk 0:03:38]} Kf4
{[%clk 0:03:32]} 62. Rb2 {[%clk 0:03:42]} Ra1 {[%clk 0:03:29]} 63. Rd2
{[%clk 0:03:44]} Ra7 {[%clk 0:02:46]} 64. Rb2 {[%clk 0:03:52]} Rg7
{[%clk 0:03:10]} 65. Kg1 {[%clk 0:04:06]} Ke3 {[%clk 0:02:38]} 66. Rb3+
{[%clk 0:04:15]} Bd3 {[%clk 0:03:01]} 67. Rb2 {[%clk 0:04:33]} Be2
{[%clk 0:02:53]} 68. Rb6 {[%clk 0:03:47]} Bc4 {[%clk 0:02:16]} 69. Rb2
{[%clk 0:03:34]} Ra7 {[%clk 0:02:29]} 70. Rc2 {[%clk 0:03:32]} Bd3
{[%clk 0:02:45]} 71. Rb2 {[%clk 0:03:57]} Ra6 {[%clk 0:01:48]} 72. Kh2
{[%clk 0:03:19]} Be2 {[%clk 0:01:55]} 73. Kg1 {[%clk 0:03:13]} Ra1+
{[%clk 0:00:45]} 74. Kh2 {[%clk 0:03:39]} Kf2 {[%clk 0:00:56]} 75. Rb8
{[%clk 0:04:02]} Ra7 {[%clk 0:00:49]} 76. Rf8+ {[%clk 0:04:28]} Ke3
{[%clk 0:01:00]} 77. Kg1 {[%clk 0:04:27]} Bd3 {[%clk 0:01:25]} 78. Rf3+
{[%clk 0:04:20]} Ke4 {[%clk 0:01:40]} 79. Rf2 {[%clk 0:04:25]} Ra1+
{[%clk 0:01:41]} 80. Kh2 {[%clk 0:04:49]} Bc4 {[%clk 0:01:47]} 81. Rc2
{[%clk 0:04:51]} Bd5 {[%clk 0:02:10]} 82. Re2+ {[%clk 0:05:05]} Kf4
{[%clk 0:02:30]} 83. Rd2 {[%clk 0:05:12]} Be4 {[%clk 0:02:54]} 84. Rb2
{[%clk 0:05:32]} Ke3 {[%clk 0:03:00]} 85. Rb3+ {[%clk 0:05:52]} Kf2
{[%clk 0:03:08]} 86. Rb2+ {[%clk 0:05:50]} Kf1 {[%clk 0:03:30]} 87. Rb8
{[%clk 0:05:41]} Ra2 {[%clk 0:03:06]} 88. Rf8+ {[%clk 0:05:51]} Ke1
{[%clk 0:03:17]} 89. Rg8 {[%clk 0:05:58]} Bxg2 {[%clk 0:03:00]} 90. Rxg2
{[%clk 0:06:23]} Rxg2+ {[%clk 0:03:25]} 91. Kxg2 1/2-1/2

[Event "EYCC 2024 - O16"]
[Site "?"]
[Date "2024.08.24"]
[Round "3.4"]
[White "Vandenhole, Kobe"]
[Black "Rustamov, Rustam"]
[Result "1/2-1/2"]
[BlackElo "2283"]
[WhiteElo "2155"]
[LiveChessVersion "1.4.8"]

1. e4 {[%clk 1:30:58]} c5 {[%clk 1:30:46]} 2. Nf3 {[%clk 1:31:22]} d6
{[%clk 1:31:13]} 3. d4 {[%clk 1:31:40]} cxd4 {[%clk 1:31:35]} 4. Nxd4
{[%clk 1:32:03]} Nf6 {[%clk 1:31:50]} 5. Nc3 {[%clk 1:32:26]} a6 {[%clk 1:32:15]}
6. Qf3 {[%clk 1:32:20]} Nc6 {[%clk 1:23:25]} 7. Nxc6 {[%clk 1:32:40]} bxc6
{[%clk 1:22:04]} 8. e5 {[%clk 1:32:39]} dxe5 {[%clk 1:20:41]} 9. Qxc6+
{[%clk 1:33:05]} Bd7 {[%clk 1:21:07]} 10. Qb7 {[%clk 1:33:18]} Qc8
{[%clk 1:16:18]} 11. Qxc8+ {[%clk 1:31:15]} Bxc8 {[%clk 1:14:55]} 12. Be3
{[%clk 1:25:35]} e6 {[%clk 1:14:43]} 13. O-O-O {[%clk 1:20:14]} Bb7
{[%clk 1:13:36]} 14. Nb5 {[%clk 1:19:28]} Nd5 {[%clk 1:10:47]} 15. Rxd5
{[%clk 1:19:27]} exd5 {[%clk 1:11:08]} 16. Nc7+ {[%clk 1:19:53]} Kd7
{[%clk 1:11:05]} 17. Nxa8 {[%clk 1:20:18]} Bxa8 {[%clk 1:11:22]} 18. c3
{[%clk 1:14:14]} Bb7 {[%clk 1:09:53]} 19. f4 {[%clk 1:08:10]} exf4
{[%clk 1:08:42]} 20. Bxf4 {[%clk 1:08:33]} Bd6 {[%clk 1:09:08]} 21. Bxd6
{[%clk 1:08:15]} Kxd6 {[%clk 1:09:34]} 22. Be2 {[%clk 1:07:06]} f5
{[%clk 1:07:32]} 23. Kd2 {[%clk 1:06:31]} g6 {[%clk 1:04:31]} 24. Bf3
{[%clk 1:04:39]} g5 {[%clk 1:04:10]} 25. g3 {[%clk 1:04:20]} Bc6 {[%clk 1:03:40]}
26. Rf1 {[%clk 1:03:37]} Bb5 {[%clk 1:00:33]} 27. Be2 {[%clk 0:58:44]} Rf8
{[%clk 1:00:26]} 28. Rf3 {[%clk 0:56:35]} Ke5 {[%clk 0:56:13]} 29. Re3+
{[%clk 0:51:55]} Kd6 {[%clk 0:56:32]} 30. Rf3 {[%clk 0:50:18]} h6
{[%clk 0:45:17]} 31. Bd3 {[%clk 0:48:45]} Ke5 {[%clk 0:44:11]} 32. Re3+
{[%clk 0:47:59]} Kd6 {[%clk 0:44:34]} 33. Rf3 {[%clk 0:48:21]} Bd7
{[%clk 0:35:37]} 34. b4 {[%clk 0:37:59]} Bc8 {[%clk 0:34:24]} 35. Ke3
{[%clk 0:37:45]} Ke5 {[%clk 0:33:51]} 36. a4 {[%clk 0:37:15]} f4+
{[%clk 0:32:43]} 37. gxf4+ {[%clk 0:37:29]} gxf4+ {[%clk 0:33:10]} 38. Kd2
{[%clk 0:37:20]} Rg8 {[%clk 0:33:10]} 39. Bf1 {[%clk 0:36:55]} Bd7
{[%clk 0:28:50]} 40. a5 {[%clk 0:36:23]} Bb5 {[%clk 0:28:32]} 41. Bxb5
{[%clk 0:35:50]} axb5 {[%clk 0:28:58]} 42. Kd3 {[%clk 0:36:00]} 1/2-1/2

[Event "EYCC 2024 - O16"]
[Site "?"]
[Date "2024.08.24"]
[Round "3.5"]
[White "Toktomushev, Teimur"]
[Black "Konidakis, Alex"]
[Result "1-0"]
[BlackElo "2008"]
[WhiteElo "2279"]
[LiveChessVersion "1.4.8"]

1. d4 {[%clk 1:30:57]} Nf6 {[%clk 1:30:12]} 2. c4 {[%clk 1:31:18]} e6
{[%clk 1:30:35]} 3. Nf3 {[%clk 1:31:28]} d5 {[%clk 1:30:03]} 4. Nc3
{[%clk 1:31:42]} c5 {[%clk 1:26:52]} 5. cxd5 {[%clk 1:31:00]} exd5
{[%clk 1:26:52]} 6. Bg5 {[%clk 1:25:51]} Be6 {[%clk 1:20:32]} 7. dxc5
{[%clk 1:15:42]} Bxc5 {[%clk 1:20:14]} 8. e3 {[%clk 1:16:06]} O-O
{[%clk 1:13:18]} 9. Bd3 {[%clk 1:11:46]} Nc6 {[%clk 1:11:13]} 10. O-O
{[%clk 1:11:49]} h6 {[%clk 1:09:51]} 11. Bh4 {[%clk 1:11:54]} Rc8
{[%clk 1:08:36]} 12. Rc1 {[%clk 1:07:10]} Be7 {[%clk 1:05:43]} 13. h3
{[%clk 0:58:43]} Nd7 {[%clk 1:02:48]} 14. Bxe7 {[%clk 0:57:41]} Qxe7
{[%clk 1:01:41]} 15. Bb1 {[%clk 0:47:15]} Nf6 {[%clk 0:57:06]} 16. a3
{[%clk 0:40:35]} Rfd8 {[%clk 0:49:07]} 17. Nb5 {[%clk 0:37:06]} Ne4
{[%clk 0:45:02]} 18. Nbd4 {[%clk 0:34:57]} Qf6 {[%clk 0:36:54]} 19. Qe2
{[%clk 0:07:50]} Nxd4 20. Nxd4 Qe5 {[%clk 0:29:44]} 21. Qb5 {[%clk 0:00:58]} Nd6
{[%clk 0:15:32]} 22. Qd3 {[%clk 0:00:44]} g6 {[%clk 0:15:56]} 23. Qd2
{[%clk 0:00:39]} Ne4 {[%clk 0:15:00]} 24. Bxe4 {[%clk 0:00:51]} dxe4
{[%clk 0:14:33]} 25. Rxc8 {[%clk 0:00:33]} Rxc8 {[%clk 0:14:31]} 26. Rc1
{[%clk 0:00:56]} Rxc1+ {[%clk 0:13:36]} 27. Qxc1 {[%clk 0:01:22]} Kg7
{[%clk 0:13:36]} 28. Qc3 {[%clk 0:01:02]} Kh7 {[%clk 0:13:39]} 29. Qb4
{[%clk 0:00:50]} b6 {[%clk 0:09:12]} 30. Qe7 {[%clk 0:00:48]} a5 {[%clk 0:08:03]}
31. Qb7 {[%clk 0:00:47]} Qd6 {[%clk 0:05:57]} 32. Qxe4 {[%clk 0:01:12]} Bd5
{[%clk 0:06:22]} 33. Qc2 {[%clk 0:01:06]} Bb7 {[%clk 0:05:38]} 34. f3
{[%clk 0:00:32]} Qe5 {[%clk 0:05:28]} 35. Qd2 {[%clk 0:00:39]} h5
{[%clk 0:04:27]} 36. e4 {[%clk 0:00:40]} Qc5 {[%clk 0:04:22]} 37. Kh1
{[%clk 0:00:39]} Ba6 {[%clk 0:03:05]} 38. Nc2 {[%clk 0:00:34]} Qb5
{[%clk 0:02:34]} 39. Ne3 {[%clk 0:00:49]} Qc5 {[%clk 0:02:44]} 40. Nd5
{[%clk 0:00:54]} Bb7 {[%clk 0:02:11]} 41. Nf6+ {[%clk 0:00:40]} Kg7
{[%clk 0:02:34]} 42. Nd7 {[%clk 0:00:45]} 1-0

[Event "EYCC 2024 - O16"]
[Site "?"]
[Date "2024.08.24"]
[Round "3.6"]
[White "Liu, Jason"]
[Black "Szakmary, Domonkos"]
[Result "0-1"]
[BlackElo "2139"]
[WhiteElo "2223"]
[LiveChessVersion "1.4.8"]

1. e4 {[%clk 1:30:58]} c5 {[%clk 1:29:00]} 2. Nf3 {[%clk 1:31:16]} e6
{[%clk 1:28:42]} 3. d4 {[%clk 1:31:39]} cxd4 {[%clk 1:29:07]} 4. Nxd4
{[%clk 1:32:01]} Nc6 {[%clk 1:29:35]} 5. Bf4 {[%clk 1:32:14]} Nf6
{[%clk 1:21:05]} 6. Nb5 {[%clk 1:27:42]} e5 {[%clk 1:21:01]} 7. Bg5
{[%clk 1:27:38]} d6 {[%clk 1:20:38]} 8. N1c3 {[%clk 1:27:36]} a6 {[%clk 1:20:55]}
9. Na3 {[%clk 1:28:03]} b5 {[%clk 1:21:20]} 10. Nab1 {[%clk 1:28:03]} Be7
{[%clk 1:18:56]} 11. Bxf6 {[%clk 1:28:13]} Bxf6 {[%clk 1:19:12]} 12. a4
{[%clk 1:28:27]} b4 {[%clk 1:12:34]} 13. Nd5 {[%clk 1:28:46]} O-O
{[%clk 1:10:11]} 14. Bc4 {[%clk 1:28:38]} Bg5 {[%clk 1:07:53]} 15. O-O
{[%clk 1:28:19]} Be6 {[%clk 1:06:47]} 16. Qd3 {[%clk 1:25:04]} a5
{[%clk 1:04:49]} 17. Nd2 {[%clk 1:15:20]} Bxd2 {[%clk 1:04:23]} 18. Qxd2
{[%clk 1:15:43]} Ne7 {[%clk 1:02:28]} 19. Ne3 {[%clk 0:57:22]} Rc8
{[%clk 0:56:41]} 20. b3 {[%clk 0:52:50]} Nc6 {[%clk 0:53:17]} 21. Bd3
{[%clk 0:31:24]} Nd4 {[%clk 0:51:27]} 22. f4 {[%clk 0:28:24]} f6 {[%clk 0:49:16]}
23. Kh1 {[%clk 0:27:22]} Kh8 {[%clk 0:42:12]} 24. Rad1 {[%clk 0:25:23]} Rc5
{[%clk 0:39:54]} 25. Qf2 {[%clk 0:23:42]} Qe8 {[%clk 0:36:06]} 26. Bc4
{[%clk 0:22:05]} Qf7 {[%clk 0:31:38]} 27. Rd2 {[%clk 0:17:08]} Bxc4
{[%clk 0:29:45]} 28. Nxc4 {[%clk 0:17:27]} Rxc4 {[%clk 0:28:51]} 29. bxc4
{[%clk 0:17:53]} Qxc4 {[%clk 0:29:13]} 30. Rfd1 {[%clk 0:15:41]} Rc8
{[%clk 0:27:13]} 31. h3 {[%clk 0:15:38]} Qc6 {[%clk 0:20:23]} 32. Rxd4
{[%clk 0:15:31]} exd4 {[%clk 0:20:42]} 33. Qxd4 {[%clk 0:16:00]} Qxc2
{[%clk 0:19:42]} 34. Qxd6 {[%clk 0:16:21]} h6 {[%clk 0:19:04]} 35. e5
{[%clk 0:16:32]} fxe5 {[%clk 0:18:35]} 36. fxe5 {[%clk 0:16:58]} b3
{[%clk 0:17:51]} 37. e6 {[%clk 0:16:35]} b2 {[%clk 0:17:15]} 38. e7
{[%clk 0:16:31]} b1=Q {[%clk 0:16:59]} 39. Qd8+ {[%clk 0:16:28]} Kh7
{[%clk 0:17:01]} 0-1

[Event "EYCC 2024 - O16"]
[Site "?"]
[Date "2024.08.24"]
[Round "3.7"]
[White "Tabuenca Mendataurigoitia, Daniel"]
[Black "Moysidis, Anastasios"]
[Result "1-0"]
[BlackElo "1843"]
[WhiteElo "2431"]
[LiveChessVersion "1.4.8"]

1. e4 {[%clk 1:30:58]} c5 {[%clk 1:30:20]} 2. Nf3 {[%clk 1:31:20]} d6
{[%clk 1:30:44]} 3. d4 {[%clk 1:31:44]} cxd4 {[%clk 1:31:09]} 4. Nxd4
{[%clk 1:32:09]} Nf6 {[%clk 1:31:33]} 5. Nc3 {[%clk 1:32:35]} a6 {[%clk 1:31:46]}
6. g3 {[%clk 1:32:55]} g6 {[%clk 1:31:38]} 7. Bg2 {[%clk 1:33:17]} Bg7
{[%clk 1:31:57]} 8. h3 {[%clk 1:33:41]} O-O {[%clk 1:32:07]} 9. O-O
{[%clk 1:34:03]} Nc6 {[%clk 1:30:54]} 10. Be3 {[%clk 1:32:50]} Bd7
{[%clk 1:28:19]} 11. Nde2 {[%clk 1:31:33]} Rc8 {[%clk 1:21:56]} 12. Nd5
{[%clk 1:30:21]} Nxd5 {[%clk 1:12:19]} 13. exd5 {[%clk 1:30:44]} Na5
{[%clk 1:12:38]} 14. Bd4 {[%clk 1:27:57]} Qc7 {[%clk 0:58:46]} 15. Bxg7
{[%clk 1:18:27]} Kxg7 {[%clk 0:59:09]} 16. Rc1 {[%clk 1:16:17]} b5
{[%clk 0:57:36]} 17. Re1 {[%clk 1:13:10]} Qb6 {[%clk 0:47:21]} 18. Nd4
{[%clk 1:06:32]} Rfe8 {[%clk 0:47:09]} 19. b3 {[%clk 1:04:55]} b4
{[%clk 0:38:38]} 20. Qd2 {[%clk 1:00:31]} e5 {[%clk 0:32:46]} 21. dxe6
{[%clk 0:58:27]} fxe6 {[%clk 0:32:53]} 22. Re4 {[%clk 0:52:27]} d5
{[%clk 0:16:35]} 23. Rh4 {[%clk 0:49:54]} Kg8 {[%clk 0:16:43]} 24. Nf3
{[%clk 0:48:59]} Nc6 {[%clk 0:09:19]} 25. Qh6 {[%clk 0:46:31]} Re7
{[%clk 0:09:43]} 26. Ng5 {[%clk 0:46:21]} Nd4 {[%clk 0:06:34]} 27. Nxh7
{[%clk 0:45:39]} Nf5 {[%clk 0:06:28]} 28. Qxg6+ {[%clk 0:45:28]} Rg7
{[%clk 0:06:55]} 29. Nf6+ {[%clk 0:45:47]} Kf8 {[%clk 0:07:19]} 30. Nxd7+
{[%clk 0:46:12]} Rxd7 {[%clk 0:07:39]} 31. Qf6+ {[%clk 0:46:39]} 1-0

[Event "EYCC 2024 - O16"]
[Site "?"]
[Date "2024.08.24"]
[Round "3.8"]
[White "Craciun, Sasha-Matei"]
[Black "Nemec, Jachym"]
[Result "1-0"]
[BlackElo "2414"]
[WhiteElo "2135"]
[LiveChessVersion "1.4.8"]

1. e4 {[%clk 1:30:52]} c5 {[%clk 1:30:56]} 2. Nf3 {[%clk 1:31:10]} d6
{[%clk 1:31:14]} 3. d4 {[%clk 1:31:34]} cxd4 {[%clk 1:31:40]} 4. Nxd4
{[%clk 1:31:59]} Nf6 {[%clk 1:32:05]} 5. Nc3 {[%clk 1:32:25]} a6 {[%clk 1:32:31]}
6. h3 {[%clk 1:32:34]} e6 {[%clk 1:32:14]} 7. g4 {[%clk 1:32:49]} Nfd7
{[%clk 1:32:16]} 8. g5 {[%clk 1:32:23]} b5 {[%clk 1:31:59]} 9. a3
{[%clk 1:32:48]} Bb7 {[%clk 1:32:23]} 10. h4 {[%clk 1:31:48]} Nc6
{[%clk 1:32:42]} 11. Be3 {[%clk 1:30:32]} Be7 {[%clk 1:32:42]} 12. f4
{[%clk 1:26:46]} Rc8 {[%clk 1:23:05]} 13. Nxc6 {[%clk 1:26:43]} Bxc6
{[%clk 1:23:11]} 14. Qd4 {[%clk 1:26:49]} e5 {[%clk 1:18:36]} 15. Qd2
{[%clk 1:23:54]} exf4 {[%clk 1:16:57]} 16. Bxf4 {[%clk 1:23:28]} Ne5
{[%clk 1:12:25]} 17. O-O-O {[%clk 1:21:02]} Bb7 {[%clk 1:06:00]} 18. Qd4
{[%clk 1:08:40]} Qc7 {[%clk 0:59:05]} 19. Bh3 {[%clk 1:03:46]} Rd8
{[%clk 0:59:16]} 20. Rhf1 {[%clk 0:48:03]} O-O {[%clk 0:57:28]} 21. Nd5
{[%clk 0:46:38]} Bxd5 {[%clk 0:57:21]} 22. exd5 {[%clk 0:46:02]} a5
{[%clk 0:56:28]} 23. Kb1 {[%clk 0:43:44]} b4 {[%clk 0:50:53]} 24. a4
{[%clk 0:42:48]} Rfe8 {[%clk 0:49:44]} 25. Bxe5 {[%clk 0:38:31]} dxe5
{[%clk 0:49:55]} 26. Qe4 {[%clk 0:38:44]} Bc5 {[%clk 0:44:39]} 27. Rf3
{[%clk 0:37:12]} Qb7 {[%clk 0:39:05]} 28. Bf1 {[%clk 0:36:50]} Bd4
{[%clk 0:33:46]} 29. Bc4 {[%clk 0:35:46]} Re7 {[%clk 0:33:11]} 30. h5
{[%clk 0:35:27]} Rd6 {[%clk 0:32:35]} 31. g6 {[%clk 0:30:39]} hxg6
{[%clk 0:31:52]} 32. hxg6 {[%clk 0:31:08]} Rxg6 {[%clk 0:31:25]} 33. Qxg6
{[%clk 0:31:03]} fxg6 {[%clk 0:31:50]} 34. d6+ {[%clk 0:31:29]} Kh7
{[%clk 0:32:16]} 35. Rh1# {[%clk 0:31:55]} 1-0